Industrial floorspace survey ... - Mid-August 1978 - Mid-December 1984 (Record no. 90693)

MARC details
000 -LEADER
fixed length control field 00650cam a2200217 4500
001 - CONTROL NUMBER
control field B925
008 - FIXED-LENGTH DATA ELEMENTS--GENERAL INFORMATION
fixed length control field 090401t xxu||||| |||| 00| 0 eng d
035 ## - SYSTEM CONTROL NUMBER
System control number (Sirsi) u38721
041 ## - LANGUAGE CODE
Language code of text/sound track or separate title eng
050 ## - LIBRARY OF CONGRESS CALL NUMBER
Classification number 711.5520212
110 ## - MAIN ENTRY--CORPORATE NAME
Corporate name or jurisdiction name as entry element King and Co
9 (RLIN) 2315
245 ## - TITLE STATEMENT
Title Industrial floorspace survey ... - Mid-August 1978 - Mid-December 1984
260 ## - PUBLICATION, DISTRIBUTION, ETC.
Place of publication, distribution, etc. London
Name of publisher, distributor, etc. King and Co
Date of publication, distribution, etc. 1978-85
300 ## - PHYSICAL DESCRIPTION
Extent 17 pt. ; 30cm.
350 ## - PRICE (NR) (BK AM CF MU VM SE) [OBSOLETE]
Price 0
520 ## - SUMMARY, ETC.
Summary, etc. Published 3 times a year. - Lacks copies for Mid-August 1979, Mid-April 1982 and Mid-December 1983.
650 ## - SUBJECT ADDED ENTRY--TOPICAL TERM
Topical term or geographic name entry element FLOORSPACE STATISTICS
650 ## - SUBJECT ADDED ENTRY--TOPICAL TERM
Topical term or geographic name entry element INDUSTRIAL PROPERTY
942 ## - ADDED ENTRY ELEMENTS (KOHA)
Suppress in OPAC 0
948 ## - LOCAL PROCESSING INFORMATION (OCLC); SERIES PART DESIGNATOR (RLIN)
c (OCLC) 04/03/1997
Holdings
Withdrawn status Lost status Source of classification or shelving scheme Damaged status Not for loan Home library Current library Shelving location Date acquired Total Checkouts Full call number Barcode Date last seen Copy number Price effective from Koha item type
    Dewey Decimal Classification     London London Property market reports 22/08/1991   LIBRARY ANNEXE 30025218 06/08/2019 1 06/08/2019 Book
    Dewey Decimal Classification     London London Property market reports 13/02/1992   LIBRARY ANNEXE 30025770 06/08/2019 2 06/08/2019 Book
    Dewey Decimal Classification     London London Property market reports 13/02/1992   LIBRARY ANNEXE 30025771 06/08/2019 3 06/08/2019 Book
    Dewey Decimal Classification     London London Property market reports 13/02/1992   LIBRARY ANNEXE 30025772 06/08/2019 4 06/08/2019 Book
    Dewey Decimal Classification     London London Property market reports 13/02/1992   LIBRARY ANNEXE 30025773 06/08/2019 5 06/08/2019 Book
    Dewey Decimal Classification     London London Property market reports 13/02/1992   LIBRARY ANNEXE 30025774 06/08/2019 6 06/08/2019 Book
    Dewey Decimal Classification     London London Property market reports 13/02/1992   LIBRARY ANNEXE 30025775 06/08/2019 7 06/08/2019 Book
    Dewey Decimal Classification     London London Property market reports 13/02/1992   LIBRARY ANNEXE 30025776 06/08/2019 8 06/08/2019 Book
    Dewey Decimal Classification     London London Property market reports 13/02/1992   LIBRARY ANNEXE 30025777 06/08/2019 9 06/08/2019 Book
    Dewey Decimal Classification     London London Property market reports 13/02/1992   LIBRARY ANNEXE 30025778 06/08/2019 10 06/08/2019 Book
    Dewey Decimal Classification     London London Property market reports 13/02/1992   LIBRARY ANNEXE 30025781 06/08/2019 11 06/08/2019 Book
    Dewey Decimal Classification     London London Property market reports 13/02/1992   LIBRARY ANNEXE 30025783 06/08/2019 12 06/08/2019 Book
    Dewey Decimal Classification     London London Property market reports 13/02/1992   LIBRARY ANNEXE 30025784 06/08/2019 13 06/08/2019 Book
    Dewey Decimal Classification     London London Property market reports 13/02/1992   LIBRARY ANNEXE 30025785 06/08/2019 14 06/08/2019 Book
    Dewey Decimal Classification     London London Property market reports 14/09/1999   LIBRARY ANNEXE 30056237 06/08/2019 15 06/08/2019 Book